| 000 | 00968nam a2200205 i 4500 | ||
|---|---|---|---|
| 001 | 161052 | ||
| 003 | ES-MaACL | ||
| 005 | 20250617063105.0 | ||
| 008 | 041008q18301847sp |||| | spa d | ||
| 100 | 1 |
_aOrense, Casimiro de. _9130682 _eaut |
|
| 245 | 1 | 0 | _aSeñor Casimiro de Orense y Rávago, del Colegio de Abogados de Madrid, tiene el honor de presentar a V.M. este epílogo del pleito que ha seguido en el Consejo de Castilla por la fundación de su ilustre deudo Pedro García de Orense... |
| 260 |
_a[Madrid : _bs.n., _centre 1830 y 1847] |
||
| 300 |
_a[2] h. ; _c28 cm. |
||
| 596 | _aProbablemente imp. entre 1830, fecha que consta en el texto, y 1847, fecha de anotación ms. en el margen | ||
| 650 | 4 |
_aHerencias- _xPleitos. _9136217 |
|
| 852 | 4 |
_aES-MaACL _jT-52-F-2 _cDEPOF _eCub. original _gAn. ms. en el margen del licenciado Orense _xHolandesa |
|
| 942 |
_2udc _cFOLLETOS _n0 |
||
| 999 |
_c161052 _d161052 |
||